|
|
|
|
| LEADER |
00628nam a22001817a 4500 |
| 020 |
|
|
|a 9789386440716
|
| 082 |
|
|
|a M 641.5
|b TOS/N
|
| 100 |
|
|
|a Toshma Biju Varghese
|9 148227
|
| 245 |
|
|
|a New gen pachakam/
|c by Toshma Biju Varghese
|
| 260 |
|
|
|a Thrissur:
|b Green Books,
|c 2017.
|
| 300 |
|
|
|a 80p.
|
| 650 |
|
|
|a Cooking
|9 148228
|
| 650 |
|
|
|a Food Processing
|9 148229
|
| 650 |
|
|
|a Food Technology
|9 148230
|
| 650 |
|
|
|a Technology
|9 148231
|
| 942 |
|
|
|c BK
|
| 999 |
|
|
|c 141283
|d 141283
|
| 952 |
|
|
|0 0
|1 0
|4 0
|6 M_641_500000000000000_TOS_N
|7 0
|9 97520
|a SSUS
|b SSUS
|c STACKS
|d 2019-04-06
|g 100.00
|l 2
|m 2
|o M 641.5 TOS/N
|p 094366
|r 2020-01-31
|s 2020-01-20
|w 2019-04-06
|y BK
|